The murder at the vicarage
Enregistré dans:
| Auteur principal: | |
|---|---|
| Format: | Livre |
| Langue: | anglais |
| Publié: |
Harmondsworth
Penguin Books
1948
|
| Sujets: | |
| Tags: |
Ajouter un tag
Pas de tags, Soyez le premier à ajouter un tag!
|
MARC
| LEADER | 00000nam a2200000 a 4500 | ||
|---|---|---|---|
| 001 | UCQ3769 | ||
| 003 | CL-VaPUC | ||
| 008 | 980828e19480000uk |||||||||||||||||eng|d | ||
| 082 | 0 | 4 | |a 823 |b CHR |2 21 |
| 100 | 0 | |a Christie, Agatha |e author |9 418011 | |
| 245 | 1 | 4 | |a The murder at the vicarage |
| 300 | |a 255 p | ||
| 942 | |c BK | ||
| 945 | |d 19980828 00:00:00 |a crobeson | ||
| 260 | |a Harmondsworth |b Penguin Books |c 1948 | ||
| 650 | 0 | |a Novelas inglesas |9 265220 | |
| 650 | 0 | |a Literatura inglesa |9 312907 | |
| 583 | |a last modification |c 20171204 02:37:09 |k Rodrigo Vera | ||
| 999 | |c 274284 |d 274282 | ||
| 952 | |0 0 |1 0 |4 0 |6 823_000000000000000_CHR_1948 |7 0 |8 A |9 310420 |a BIBEDU |b BIBEDU |d 2019-11-20 |i 1458051 |o 823 CHR 1948 |p 1458051 |r 2019-11-20 |w 2019-11-20 |y BK |k LIT | ||